Nommez un pays africain valide - Statistiques

Statistiques générales
  • Ce quiz a été pris 94 220 fois
  • Le résultat moyen est 11 sur 17
Statistiques - réponses
Nommez un pays africain ... Réponses possibles % Correct
bordé par la mer Méditerranée Algérie | Égypte | Libye | Maroc | Tunisie
99%
ayant plus de 100 millions d'habitants R.D. Congo | Égypte | Éthiopie | Nigeria
92%
avec un nom en quatre lettres Mali | Togo
88%
avec une espérance de vie supérieure à 70 ans Algérie | Cap-Vert | Égypte | Maurice | Libye | Maroc | Seychelles | Tunisie
78%
contenant un W dans son nom Botswana | Eswatini | Malawi | Rwanda | Zimbabwe
78%
avec un littoral d'au moins 2 500 km de côtes Afrique du Sud | Égypte | Madagascar | Maroc | Mozambique
70%
qui est un pays insulaire Cap-Vert | Comores | Maurice | Madagascar | Sao Tomé-et-Principe | Seychelles
70%
avec le portugais comme langue officielle Angola | Cap-Vert | Guinée-Bissau | Guinée équatoriale | Mozambique | Sao Tomé-et-Principe
69%
considéré comme faisant partie de la Corne de l'Afrique Djibouti | Érythrée | Éthiopie | Somalie
63%
qui est une monarchie Eswatini | Lesotho | Maroc
60%
qui borde le lac Victoria Kenya | Ouganda | Tanzanie
56%
avec un revenu par habitant supérieur à l'Afrique du Sud (2019, PPA) Algérie | Botswana | Gabon | Guinée équatoriale | Maurice | Seychelles
54%
dont plus de 60% de la superficie est couverte par des forêts Gabon | Mozambique | République du Congo | Seychelles | Zimbabwe
49%
qui était déjà indépendant en 1900 Éthiopie | Liberia | Maroc
45%
dans le désert du Kalahari Afrique du Sud | Botswana | Namibie
44%
avec une capitale se terminant par O Bénin | Côte d'Ivoire | Guinée équatoriale | Madagascar | Mali | Mozambique | Somalie
40%
avec une élévation minimale de plus de 500 m Botswana | Burundi | Ouganda | Lesotho | Rwanda
39%
Aucun quiz correspondant
Distribution des résultats
% des personnes avec chaque résultat
Percentile par nombre de réponses
Votre historique - résultats
Vous n’avez pas pris ce quiz